Architekt měsíčník pro architekturu a urbanismus

Podrobná bibliografia
Nový názov:Československý architekt
Predchádzajúci názov:Architekt SIA
Médium: Seriál
Jazyk:čeština
PhysicalDescription:5 zv. cm
Vydavateľské údaje: Praha Spolek československých inženýrů 1946-1950
ISSN:1803-3393
1803-3385
0009-0697
Predmet:

MARC

LEADER 00000cas a2200000 a 4500
001 vtls001343028
003 SK-MaSNL
005 20260228155730.0
008 980924d19461950xr mr 0 0 0cze c
022 |a 1803-3393 
035 |a SNK000296194 
040 |a SNK  |b slo  |c SNK  |e AACR2 
041 0 |a cze 
044 |a xr  |c CZ 
072 7 |a 72  |x Architektúra  |2 konspekt 
080 |a 72  |2 2011 
080 |a (051)-027.561  |2 2011 
080 |a 050  |2 2011 
210 0 |a Architekt  |b (Praha 1946) 
222 0 |a Architekt  |b (Praha, 1946) 
245 0 0 |a Architekt  |b měsíčník pro architekturu a urbanismus 
246 3 3 |a Architekt SIA 
260 |a Praha  |b Spolek československých inženýrů  |c 1946-1950 
300 |a 5 zv.  |c cm 
310 |a 1x mesačne 
362 0 |a Roč. 44, č. 1 (1946)-roč. 48, č. 12 (1950) 
650 0 7 |a architektúra  |2 SNKPH  |9 722 
655 7 |a odborné časopisy  |2 SNKPH  |9 70505 
770 0 |t Věstník SIA 
780 0 0 |t Architekt SIA  |x 1803-3385 
785 0 2 |t Československý architekt  |x 0009-0697 
910 |a snk 
999 |c 365  |d 365 
952 |0 0  |1 1  |4 0  |7 0  |a SNK  |b SNK  |d 2000-04-28  |l 0  |o snkČB 507/45/1947  |p 17A0235847  |r 2005-01-02 00:00:00  |t č. 1-12  |w 2026-02-21  |y PREZ 
952 |0 0  |1 1  |4 0  |7 0  |a SNK  |b SNK  |d 2000-04-28  |l 0  |o snkČB 507/46/1948  |p 17A0235816  |r 2005-01-02 00:00:00  |t č. 1-12  |w 2026-02-21  |y PREZ 
952 |0 0  |1 1  |4 0  |7 0  |a SNK  |b SNK  |d 2000-04-28  |l 0  |o snkČB 507/47/1949  |p 17A0235888  |r 2005-01-02 00:00:00  |t č. 1-12  |w 2026-02-21  |y PREZ 
952 |0 0  |1 1  |4 0  |7 0  |a SNK  |b SNK  |d 2000-04-28  |l 0  |o snkČB 507/48/1950  |p 17A0235881  |r 2005-01-02 00:00:00  |t č. 1-12  |w 2026-02-21  |y PREZ